000 00400nam a22001697a 4500
003 NUST
020 _a9788173815584
038 _akhadija
082 _a546.6
_bRAY
100 _aRAY, R. K.
_982637
245 _aElectronic Spectra Of Transition Metal Complexes
260 _aNew Delhi :
_bNCBA,
_c2012.
300 _a500 p. ;
_b24 cm.
500 _aPaperback.
563 _aPB
942 _cBK
_2ddc
999 _c33724
_d33724